Library of the University of Algiers 3
Ibrahim Sultan Cheibout
شعار جامعة الجزائر 3
مكتبة جامعة الجزائر 3
إبراهيم سلطان شيبوط

الإقتصاديات الدولية / (رقم التسجيلة. 45489)

تفاصيل مارك
000 -LEADER
fixed length control field 01405nam a2200229Ia 4500
003 - CONTROL NUMBER IDENTIFIER
control field Ost
005 - DATE AND TIME OF LATEST TRANSACTION
control field 20260507075646.0
008 - FIXED-LENGTH DATA ELEMENTS--GENERAL INFORMATION
fixed length control field 260507s9999||||xx |||||||||||||| ||und||
020 ## - INTERNATIONAL STANDARD BOOK NUMBER
International Standard Book Number ×020422977
040 ## - CATALOGING SOURCE
Transcribing agency fsecg
041 ## - LANGUAGE CODE
Language code of text/sound track or separate title ara
082 ## - DEWEY DECIMAL CLASSIFICATION NUMBER
Classification number 341.75
100 ## - MAIN ENTRY--PERSONAL NAME
Personal name أحمد، عبد الرحمن يسري
Relator term مؤلف
245 #0 - TITLE STATEMENT
Title الإقتصاديات الدولية /
Statement of responsibility, etc. عبد الرحمن يسري أحمد
260 ## - PUBLICATION, DISTRIBUTION, ETC.
Place of publication, distribution, etc. الإسكندرية:
Name of publisher, distributor, etc. الدار الجامعية,
Date of publication, distribution, etc. 2007
300 ## - PHYSICAL DESCRIPTION
Extent 362 صفحة؛
Other physical details إيضاحات ؛
Dimensions 24 سم
520 ## - SUMMARY, ETC.
Summary, etc. الإقتصاديات الدولية طبيعة التحليل والمشكلات- نظرية التجارة الدولية- تحديد معدل التبادل الدولي- تفسير التجارة الدولية في ظروف مختلفة- النمو الإقتصادي والتجارة الدولية- السياسة التجارية- ميزان المدفوعات الدولية- سعر الصرف- المعاملات الإقتصادية الخارجية والدخل القومي- عصر جديد للعلاقات الإقتصادية العالمية- التجارة والعلاقات الإقتصادية بين البلدان الإسلامية المعاصرة.
653 ## - INDEX TERM--UNCONTROLLED
Uncontrolled term الإقتصاد الدولي
653 ## - INDEX TERM--UNCONTROLLED
Uncontrolled term التجارة الدولية
653 ## - INDEX TERM--UNCONTROLLED
Uncontrolled term السياسة الإقتصادية
942 ## - ADDED ENTRY ELEMENTS (KOHA)
Koha item type كتب
المقتنيات
Withdrawn status Lost status Source of classification or shelving scheme Damaged status Not for loan Home library Current library Date acquired Serial enumeration / chronology Inventory number Total checkouts Full call number Barcode Date last seen Price effective from Koha item type
    Dewey Decimal Classification   NOT LOAN / إعارة داخلية مكتبة كلية العلوم الإقتصادية والعلوم التجارية وعلوم التسيير مكتبة كلية العلوم الإقتصادية والعلوم التجارية وعلوم التسيير 07/05/2026 الطابق الأرضي 1601/1   أ/1601ن1 1601/1 07/05/2026 07/05/2026 كتب
    Dewey Decimal Classification   Available مكتبة كلية العلوم الإقتصادية والعلوم التجارية وعلوم التسيير مكتبة كلية العلوم الإقتصادية والعلوم التجارية وعلوم التسيير 07/05/2026 الطابق الأرضي 1601/2   أ/1601ن2 1601/2 07/05/2026 07/05/2026 كتب
    Dewey Decimal Classification   Available مكتبة كلية العلوم الإقتصادية والعلوم التجارية وعلوم التسيير مكتبة كلية العلوم الإقتصادية والعلوم التجارية وعلوم التسيير 07/05/2026 الطابق الثاني 1601/3   أ/1601ن3 1601/3 07/05/2026 07/05/2026 كتب

موارد الويب المفتوحة


© University of Algiers 3 All Rights Reserved
|
Implemented by LECHELAH Riad